|
|
|
|
| LEADER |
00000nam a2200000Ii 4500 |
| 001 |
DIGVIETO250 |
| 003 |
NyNyDIG |
| 006 |
m o d |
| 007 |
cr ||||||||||| |
| 008 |
220628s2014 sp a ob 000 0 spa d |
| 035 |
|
|
|a (OCoLC)1335131492
|
| 040 |
|
|
|a DGITA
|b eng
|e rda
|e pn
|c DGITA
|
| 020 |
|
|
|z 9788416288212
|
| 043 |
|
|
|a s-ec---
|
| 050 |
1 |
4 |
|a HC202 ebook
|
| 082 |
0 |
4 |
|a 330.9866
|
| 100 |
1 |
|
|a Ramírez Gallegos, René,
|e author.
|
| 245 |
1 |
3 |
|a La virtud de los comunes :
|b de los paraísos fiscales al paraíso de los conocimientos abiertos /
|c René Ramírez Gallegos ; prólogo de Pablo Iglesias Turrión.
|
| 264 |
|
1 |
|a [Vilassar de Dalt, Barcelona] :
|b El Viejo Topo,
|c [2014]
|
| 300 |
|
|
|a 1 online resource :
|b illustrations.
|
| 336 |
|
|
|a text
|b txt
|2 rdacontent
|
| 337 |
|
|
|a computer
|b c
|2 rdamedia
|
| 338 |
|
|
|a online resource
|b cr
|2 rdacarrier
|
| 347 |
|
|
|a text file
|2 rdaft
|
| 347 |
|
|
|b PDF
|
| 504 |
|
|
|a Includes bibliographical references.
|
| 588 |
0 |
|
|a Online resource; title from PDF title page (Digitalia, viewed June 28, 2022)
|
| 650 |
|
0 |
|a Sustainable development
|z Ecuador.
|
| 650 |
|
0 |
|a Cooperation
|z Ecuador.
|
| 650 |
|
0 |
|a Socialism
|z Ecuador.
|
| 650 |
|
0 |
|a Educational change
|z Ecuador.
|
| 651 |
|
0 |
|a Ecuador
|x Economic conditions.
|
| 655 |
|
0 |
|a Electronic books.
|
| 700 |
1 |
|
|a Iglesias Turrión, Pablo,
|e contributor agent of text.
|
| 791 |
2 |
|
|a Digitalia (Firm),
|e distributor.
|
| 793 |
0 |
|
|g Digitalia eBook Collection:
|a El Viejo Topo
|
| 776 |
0 |
8 |
|i Print version:
|a Ramírez Gallegos, René.
|t Virtud de los comunes .
|d [Vilassar de Dalt, Barcelona] : El Viejo Topo, [2014]
|z 9788416288212
|
| 856 |
4 |
0 |
|3 Digitalia Hispánica
|u https://www.digitaliapublishing.com/a/57767/
|
| 910 |
|
|
|a Premium collection: 2022
|